Unit operations of chemical engineering (Record no. 3799)

000 -LEADER
fixed length control field 00652nam a2200241 a 4500
001 - CONTROL NUMBER
control field 3799
003 - CONTROL NUMBER IDENTIFIER
control field BD-DhUET
008 - FIXED-LENGTH DATA ELEMENTS--GENERAL INFORMATION
fixed length control field 850523s1985 nyua b 001 0 eng
020 ## - INTERNATIONAL STANDARD BOOK NUMBER
International Standard Book Number 0070448280
040 ## - CATALOGING SOURCE
Modifying agency BD-DhUET
Transcribing agency 0
082 0# - DEWEY DECIMAL CLASSIFICATION NUMBER
Classification number 660.2842
Item number MCC/1985
100 1# - MAIN ENTRY--PERSONAL NAME
Personal name McCabe, Warren L.
245 10 - TITLE STATEMENT
Title Unit operations of chemical engineering
250 ## - EDITION STATEMENT
Edition statement 4th ed.
260 ## - PUBLICATION, DISTRIBUTION, ETC. (IMPRINT)
Place of publication, distribution, etc. New York
Name of publisher, distributor, etc. McGraw-Hill
Date of publication, distribution, etc. 1985
300 ## - PHYSICAL DESCRIPTION
Extent x, 960 p.
Other physical details ill.
Dimensions 25 cm.
490 1# - SERIES STATEMENT
Series statement McGraw-Hill chemical engineering series
504 ## - BIBLIOGRAPHY, ETC. NOTE
Bibliography, etc Includes bibliographies
650 #0 - SUBJECT ADDED ENTRY--TOPICAL TERM
Topical term or geographic name as entry element Chemical Processer
700 1# - ADDED ENTRY--PERSONAL NAME
Personal name Smith, Julian C.
700 1# - ADDED ENTRY--PERSONAL NAME
Personal name Harriott, Peter.
942 ## - ADDED ENTRY ELEMENTS (KOHA)
Koha item type General Book
Holdings
Source of classification or shelving scheme Koha issues (times borrowed) Koha full call number Koha date last seen Koha normalized classification for sorting Piece designation (barcode) Koha date last borrowed Withdrawn status Location (home branch) Damaged status Lost status Shelving location Sublocation or collection (holding branch) Not for loan Date acquired Koha item type Price effective from Copy number
  660.2842/MCC/19852016-10-23660_000000000000000_2842MCC19872739  Central Library, BUET  Circulation sectionCentral Library, BUET 2014-11-05General Book2014-11-051
  660.2842/MCC/19852014-11-05660_000000000000000_2842MCC19877549  Central Library, BUET  Circulation sectionCentral Library, BUET 2014-11-05General Book2014-11-052
 2660.2842/MCC/19852018-12-04660_000000000000000_2842MCC198775502018-11-14 Central Library, BUET  Circulation sectionCentral Library, BUET 2014-11-05General Book2014-11-053
  660.2842/MCC/19852015-07-01660_284200000000000_MCC_198568731  Central Library, BUET  Reading sectionCentral Library, BUET 2015-07-01Reading Item2015-07-014
  660.2842 MCC/19852024-11-25660_284200000000000_MCC_198573910  Central Library, BUET  Rental sectionCentral Library, BUET 1989-06-27Rental Item2024-11-25৪/ক-১
  660.2842 MCC/19852024-11-25660_284200000000000_MCC_198573911  Central Library, BUET  Rental sectionCentral Library, BUET 1989-06-27Rental Item2024-11-25৪/ক-২
  660.2842 MCC/19852024-11-25660_284200000000000_MCC_198573912  Central Library, BUET  Rental sectionCentral Library, BUET 1989-06-27Rental Item2024-11-25৪/ক-৩
  660.2842 MCC/19852024-11-25660_284200000000000_MCC_198573913  Central Library, BUET  Rental sectionCentral Library, BUET 1989-06-27Rental Item2024-11-25৪/ক-৪
  660.2842 MCC/19852024-11-25660_284200000000000_MCC_198573914  Central Library, BUET  Rental sectionCentral Library, BUET 1989-06-27Rental Item2024-11-25৪/ক-৫
  660.2842 MCC/19852024-11-25660_284200000000000_MCC_198573915  Central Library, BUET  Rental sectionCentral Library, BUET 1989-06-27Rental Item2024-11-25৪/ক-৬
  660.2842 MCC/19852024-11-25660_284200000000000_MCC_198573916  Central Library, BUET  Rental sectionCentral Library, BUET 1989-06-27Rental Item2024-11-25৪/ক-৭
  660.2842 MCC/19852024-11-25660_284200000000000_MCC_198573917  Central Library, BUET  Rental sectionCentral Library, BUET 1989-06-27Rental Item2024-11-25৪/ক-৮
  660.2842 MCC/19852024-11-25660_284200000000000_MCC_198573918  Central Library, BUET  Rental sectionCentral Library, BUET 1989-06-27Rental Item2024-11-25৪/ক-৯
  660.2842 MCC/19852024-11-25660_284200000000000_MCC_198573919  Central Library, BUET  Rental sectionCentral Library, BUET 1989-06-27Rental Item2024-11-25৪/ক-১০
  660.2842 MCC/19852024-11-25660_284200000000000_MCC_198573934  Central Library, BUET  Rental sectionCentral Library, BUET 1989-06-27Rental Item2024-11-25৪/ক-২৫
  660.2842 MCC/19852024-11-25660_284200000000000_MCC_198573935  Central Library, BUET  Rental sectionCentral Library, BUET 1989-06-27Rental Item2024-11-25৪/ক-২৬